opac header logoIBA Library
Normal view MARC view

Entry Personal Name

Number of records used in: 1

001 - CONTROL NUMBER

  • control field: 1127

003 - CONTROL NUMBER IDENTIFIER

  • control field: BD-DhUIB

005 - DATE AND TIME OF LATEST TRANSACTION

  • control field: 20260518203426.0

008 - FIXED-LENGTH DATA ELEMENTS

  • fixed length control field: 260518|| aca||aabn | a|a d

040 ## - CATALOGING SOURCE

  • Original cataloging agency: BD-DhUIB
  • Transcribing agency: BD-DhUIB

100 ## - HEADING--PERSONAL NAME

  • Personal name: Rebick, Marcus

670 ## - SOURCE DATA FOUND

  • Source citation: Work cat.: (BD-DhUIB)716: Rebick, Marcus., The Japanese employment system :, c2005
Copyright © 2021-2026 | IBA Library
Institute of Business Administration (IBA)
University of Dhaka
Library Home | IBA Home